| 000 | 00436nab a22001457 4500 | ||
|---|---|---|---|
| 003 | ES-SlBCS | ||
| 005 | 20211219162932.0 | ||
| 008 | 200929s2020 po ||||| |||| 00| 0 por d | ||
| 040 |
_aES-SlBCS _bspa |
||
| 041 | _apor | ||
| 100 | 1 |
_aJácomo, António _966562 |
|
| 245 | 1 | 0 |
_aNova funçäo exocerebral da Internet _cAntónio Jácomo |
| 773 | 0 |
_gVol. 191, fascs. 2-3, 2020, págs. 177-182 _tBrotéria _wRev100 _x0870-7618 |
|
| 942 |
_2lcc _cAR |
||
| 999 |
_c487294 _d487294 |
||